Nutuk (Record no. 8657)

MARC details
000 -BAŞLIK
Sabit Uzunlukta Kontrol Alanı 00854na a2200265 4500
001 - KONTROL NUMARASI
Denetim Alanı 13589
003 - KONTROL NUMARASI IDENTIFIER
Denetim Alanı MIRAKIL
005 - SON İŞLEM TARİHİ VE ZAMANI
Denetim Alanı 20181213155220.0
008 - SABİT-BOY VERİ ELEMANLARI - GENEL BİLGİLER
Sabit Uzunlukta Kontrol Alanı 160826b tu 000 0
020 ## - ULUSLARARASI STANDART KİTAP NUMARASI
Uluslararası Standart Kitap Numarası 9757008397
035 ## - SİSTEM KONTROL NUMARASI
Sistem Kontrol Numarası 13589
040 ## - KATALOGLAMA KAYNAK
Orijinal Kataloglama Ajansı Milas
Kataloglama Dili tur
Metne Dönüştürmek Ajansı TR-AnCHP
082 ## - DEWEY ONLU SINIFLANDIRMA NUMARASI
Sınıflandırma Numarası ATA 923.156
Ürün Numarası A72n 2006
090 ## - SINIFLAMA NUMARASI
Sınıflama Numarası ATA 923.156 A72n 2006
100 ## - ANA GİRİŞ - KİŞİSEL İSİM
Kişisel Ad Atatürk, Mustafa Kemal
Bir Adıyla İlişkilendirilen Tarihler 1881-1838
245 ## - BAŞLIK TABLOSU
Başlık Nutuk
Sorumluluk Tablosu, Vb Mustafa Kemal Atatürk ; hazırlayan: Selçuk Maviengin
260 ## - YAYIN, DAĞITIM, VB
Yayın, Dağıtım, Vb Yeri Ankara
Yayıncı, Dağıtıcı, Vs Adı Art Yayın
Yayın, Dağıtım, Vb Tarihi 2006
300 ## - FİZİKSEL TANIM
Kapsam 239 s.
Boyutlar 19 sm.
600 ## - KONU KATMA GİRİŞ - KURUMSAL ADI
Kişisel Ad Atatürk, Mustafa Kemal
Bir Adıyla İlişkilendirilen Tarihler 1881-1938
Bir Çalışmanın Adı Nutuk
Genel Alt Bölümü Söylev ve demeçler
600 ## - KONU KATMA GİRİŞ - KURUMSAL ADI
Kişisel Ad Atatürk, Mustafa Kemal
Bir Adıyla İlişkilendirilen Tarihler 1881-1938
Genel Alt Bölümü Siyasal ve sosyal görüşler
650 ## - KONU KATMA GİRİŞ - TOPİKAL DÖNEM
Topikal Süreli Veya Coğrafi Ad Giriş Elemanı Atatürk devrimleri
Coğrafi Alt Bölümü Türkiye
651 ## - KONU KATMA GİRİŞ - COĞRAFİ ADI
Coğrafi İsim Türkiye
Genel Alt Bölümü Siyaset ve yönetim
700 ## - KATMA GİRİŞ - KİŞİSEL İSİM
Kişisel Ad Maviengin, Selçuk
942 ## - EKLENDİ GİRİŞ ELEMANLARI (KOHA)
Sınıflandırma Veya Raf Düzeni Kaynak Dewey Decimal Classification
Koha Öğesi Türü Books
999 ## - SİSTEM KONTROL NUMARALARI (KOHA)
Koha Biblionumber 8657
Koha Biblioitemnumber 8657
Holdings
Kalıcı Konum Mevcut Konum Edinme Tarihi Edinim Kaynak Toplam Check-Out'Lar Tam Çağrı Numarası Barkod Tarih Son Görülme İtibaren Geçerli Fiyatlar Koha Öğesi Türü Kopya Sayısı
CHP Kütüphanesi CHP Kütüphanesi 08/15/2016 Bağış   ATA 923.156 A72n 2006 000990 08/15/2016 08/15/2016 Books  
CHP Kütüphanesi CHP Kütüphanesi 08/15/2016 Bağış   ATA 923.156 A72n 2006 000999 08/15/2016 08/15/2016 Books k.2
CHP Kütüphanesi CHP Kütüphanesi 08/15/2016 Bağış   ATA 923.156 A72n 2006 001600 08/15/2016 08/15/2016 Books k.3